Normal view
MARC view
Entry Topical Term
001 - CONTROL NUMBER
- control field: 49602
003 - CONTROL NUMBER IDENTIFIER
- control field: OSt
005 - DATE AND TIME OF LATEST TRANSACTION
- control field: 20160401132319.0
008 - FIXED-LENGTH DATA ELEMENTS
- fixed length control field: 160401|| aca||aabn | a|a d
040 ## - CATALOGING SOURCE
- Original cataloging agency: OSt
- Transcribing agency: OSt
150 ## - HEADING--TOPICAL TERM
- Topical term or geographic name entry element: Folklore
670 ## - SOURCE DATA FOUND
- Source citation: Work cat.: (OSt)19748: देवेन्द्र सत्यार्थी 39435, धरती गाती है , 1994









